000 00586nam a2200205Ia 4500
003 OSt
005 20251106144207.0
008 210210b2007 xxu||||| |||| 00| 0 eng d
040 _cAL
041 _aKannada
082 _aK894.9 CHIN
100 _aCHIKKANNA (Ka Ta)
_dಚಿಕ್ಕಣ್ಣ (ಕ ತಾ)
_9244351
245 _aNishabudadedege
_bನಿಶಾ ಬುದದೆಡೆಗೆ
260 _aBengaluru
_bSumukha Prakashana
_c2007
300 _a264
650 _aNishabudadedege
_9244352
690 _aKannada Miscellaneous
_9244353
906 _a062142
942 _2ddc
_cBK
999 _c116824
_d116824